Technology management : text and international cases /

Salvato in:
Dettagli Bibliografici
Autore principale: Harrison, Norma
Altri autori: Samson, Danny
Natura: Libro
Pubblicazione: Boston : McGraw-Hill, c2002.
Soggetti:
Accesso online:http://www.loc.gov/catdir/toc/mh031/2001034238.html
http://www.loc.gov/catdir/description/mh021/2001034238.html
Tags: Aggiungi Tag
Nessun Tag, puoi essere il primo ad aggiungerne!!

MARC

LEADER 00000cam a22000004a 4500
020 |a 0072383550 (pbk. : alk. paper)  |c TZS 8,000 
040 |a MUL  |b eng  |e AACR 
082 |a 658.514 HAR 
100 1 |a Harrison, Norma. 
245 1 0 |a Technology management :  |b text and international cases /  |c Norma Harrison, Danny Samson. 
260 |a Boston :  |b McGraw-Hill,  |c c2002. 
300 |a xvi, 433 p. :  |b ill. ;  |c 24 cm. 
504 |a Includes bibliographical references (p. 415-423) and index. 
650 0 |a Technology 
650 0 |a Technology  |v Case studies. 
700 1 |a Samson, Danny. 
856 4 1 |u http://www.loc.gov/catdir/toc/mh031/2001034238.html 
856 4 2 |u http://www.loc.gov/catdir/description/mh021/2001034238.html 
942 |c BK 
999 |c 5866  |d 5866